National Housing Statistics (Record no. 84095)

MARC details
000 -LEADER
fixed length control field 01378cad a22002055a 4500
001 - CONTROL NUMBER
control field L156618
008 - FIXED-LENGTH DATA ELEMENTS--GENERAL INFORMATION
fixed length control field 120612e2012 xxk 000 0 eng d
035 ## - SYSTEM CONTROL NUMBER
System control number (Sirsi) u156618
041 0# - LANGUAGE CODE
Language code of text/sound track or separate title eng
110 2# - MAIN ENTRY--CORPORATE NAME
Corporate name or jurisdiction name as entry element Homes and Communities Agency
9 (RLIN) 5688
245 00 - TITLE STATEMENT
Title National Housing Statistics
Remainder of title 2011-12
Medium [electronic resource]
260 ## - PUBLICATION, DISTRIBUTION, ETC.
Date of publication, distribution, etc. 2012
490 ## - SERIES STATEMENT
Series statement Homes and Communities Agency National Housing Statistics
Volume/sequential designation 2011-12 12 June 2012
520 ## - SUMMARY, ETC.
Summary, etc. There were 19 967 housing starts and 59 451 housing completions delivered through various programmes managed by the Homes and Communities Agency (HCA) for the financial year ending 31 March 2012. The programmes include the Accelerated Land Disposal, 2011-15 Affordable Homes, Economic Assets, FirstBuy, Kick Start Housing Delivery, Local Authority New Build, Mortgage Rescue, National Affordable Housing and Property and Regeneration. The HCA exceeded its target of 35 000 completions of affordable homes for 2011-12 and is a significant component of the Government's aim to deliver up to 170 000 affordable homes between 2011 and 2015.
590 ## - LOCAL NOTE (RLIN)
Local note KA NTK
651 #4 - SUBJECT ADDED ENTRY--GEOGRAPHIC NAME
Geographic name England
Chronological subdivision 886-
690 ## - LOCAL SUBJECT ADDED ENTRY--TOPICAL TERM (OCLC, RLIN)
Topical term or geographic name as entry element Residential property
9 (RLIN) 6266
856 40 - ELECTRONIC LOCATION AND ACCESS
Uniform Resource Identifier <a href="https://www.homesandcommunities.co.uk/sites/default/files/aboutus/national_housing_statistics_june_2012.pdf">https://www.homesandcommunities.co.uk/sites/default/files/aboutus/national_housing_statistics_june_2012.pdf</a>
Public note View this item free of charge at www.homesandcommunities.co.uk
942 ## - ADDED ENTRY ELEMENTS (KOHA)
Suppress in OPAC 0
Holdings
Withdrawn status Lost status Source of classification or shelving scheme Damaged status Not for loan Home library Current library Shelving location Date acquired Total Checkouts Full call number Barcode Date last seen Copy number Price effective from Koha item type
    Dewey Decimal Classification     Virtual Virtual Online 12/06/2012   ONLINE PUBLICATION 156618-2001 06/08/2019 1 06/08/2019 Journal article